000 00371nam a2200169Ia 4500
100 _aSZE/S.M
650 _aSemiconductor
250 _a2
942 _cBK
366 _f25
654 _asemiconductor
245 _aSemiconductor devices:Physics and technology
260 _bWiley
_c2002
082 _a621.3815
_bSZE
300 _a564
546 _aENGLISH
_cPAMPHALETS
999 _c35638
_d35638